000
00293nam a2200121Ia 4500
008
240624s9999 xx 000 0 und d
041
_a
eng
082
_a
920 SIN
100
_a
SINGH N K
245
_a
PORTRAITS OF POWER HALF A CENTURY OF BEI
260
_c
2020
_a
New Delhi
_b
Rupa
365
_c
RS
999
_c
32476
_d
32476